The Silmarillion: Character's other name - Statistics

General Stats
  • This quiz has been taken 99 times
  • The average score is 9 of 22
Answer Stats
Hint Answer % Correct
Morgoth Melkor
93%
Thingol Elwe
71%
Finrod Felagund
68%
Luthien Tinuviel
62%
Turin Turambar
56%
Idril Celebrindal
55%
Nienor Niniel
48%
Maedhros Maitimo
42%
Beren Erchamion
38%
Manwe Sulimo
38%
Curufin Atarinke
33%
Dior Eluchil
30%
Urwen Lalaith
30%
Maeglin Lomion
30%
Fingolfin Nolofinwe
29%
Fingon Findekano
25%
Celegorm Tyelkormo
23%
Finarfin Ingoldo
22%
Caranthir Carnistir
21%
Turgon Turukano
21%
Maglor Macalaure
19%
Morwen Eledhwen
15%
No matching quizzes found
Score Distribution
Percent of People with Each Score
Percentile by Number Answered
Your Score History
You have not taken this quiz